Statystyki dla Zgadnij co to za postać z Miraculous | Część #16

Kliknij tutaj aby rozwiązać quiz!

Ogólne statystyki

  • Ten quiz został rozwiązany 9 razy
  • Średni wynik to 4 z 12

Statystyki odpowiedzi

Odpowiedź% Poprawnych
Monarcha 1
80%
Monarcha 2
60%
Szkarłatny Władca
60%
Marino
40%
Tajna Kitka
40%
Biedrokotka
20%
Biedronarcha
20%
Czarny Królik
20%
Fenomenal
20%
Ondine
20%
Anne-Jeanne
0%
Harry Clown
0%

Rozkład punktacji

Percentyl według liczby udzielonych odpowiedzi

Procent ludzi z każdym wynikiem

Twoja historia wyników

Nie rozwiązałeś tego quizu